| 000 | 00418cam a22001694a 4500 | ||
|---|---|---|---|
| 005 | 20250605163431.0 | ||
| 008 | 250528s ||||||||||||||||||||||||d | ||
| 035 | _a19134 | ||
| 020 | _a6118113 | ||
| 040 |
_aGR-AtMCL _bgre _dGR-AtMCL _eAACR2 |
||
| 245 | 1 | _aEncyclopedic Dictionary of Business Law | |
| 260 |
_bPrentice Hall Inc, _c1961 |
||
| 300 | _a614 | ||
| 942 | _cBK | ||
| 999 |
_c4412 _d4412 |
||